000 00307nam a22001457a 4500
008 230718b ||||| |||| 00| 0 eng d
020 _a9780697067637
041 _aeng
080 _a51
082 _a51GUL
100 _a23
101 _aMATEM
245 _aPRECALCULUS
_cGULATI .R .B
942 _2udc
_cBK
999 _c60160
_d60160